Cases and Materials on International Law / (Record no. 99)

MARC details
000 -LEADER
fixed length control field 00623cam a22002051 4500
003 - CONTROL NUMBER IDENTIFIER
control field OSt
005 - DATE AND TIME OF LATEST TRANSACTION
control field 20171014115953.0
008 - FIXED-LENGTH DATA ELEMENTS--GENERAL INFORMATION
fixed length control field 940107t19561955enk 000 0 eng
010 ## - LIBRARY OF CONGRESS CONTROL NUMBER
LC control number 58040208
040 ## - CATALOGING SOURCE
Original cataloging agency LDCLIB
Transcribing agency LDCLIB
082 0# - DEWEY DECIMAL CLASSIFICATION NUMBER
Classification number 341.026
Edition number 22
Item number ORF
100 1# - MAIN ENTRY--PERSONAL NAME
Personal name Orfield, Lester B.
9 (RLIN) 263
245 10 - TITLE STATEMENT
Title Cases and Materials on International Law /
Statement of responsibility, etc by Lester B. Orfield and Edward D. Re.
260 ## - PUBLICATION, DISTRIBUTION, ETC. (IMPRINT)
Place of publication, distribution, etc London :
Name of publisher, distributor, etc Stevens,
Date of publication, distribution, etc c1955.
300 ## - PHYSICAL DESCRIPTION
Extent 781 p.;
Dimensions 26 cm.
440 #0 - SERIES STATEMENT/ADDED ENTRY--TITLE
Title Library of world affairs ;
Volume number/sequential designation no. 31
9 (RLIN) 264
650 #0 - SUBJECT ADDED ENTRY--TOPICAL TERM
Topical term or geographic name as entry element International law
General subdivision Cases.
9 (RLIN) 265
700 1# - ADDED ENTRY--PERSONAL NAME
Personal name Re, Edward D.
Dates associated with a name 1920-
9 (RLIN) 266
942 ## - ADDED ENTRY ELEMENTS (KOHA)
Source of classification or shelving scheme Dewey Decimal Classification
Koha item type Books
Holdings
Withdrawn status Lost status Source of classification or shelving scheme Damaged status Not for loan Home library Current library Shelving location Date acquired Total Checkouts Full call number Barcode Date last seen Price effective from Koha item type
    Dewey Decimal Classification     Law Development Centre Main Library Law Development Centre Main Library Text Books and Laws 04/07/2011   341 ORF 2011/2605 04/07/2011 04/07/2011 Books